<?xml version="1.0" encoding="UTF-8"?>
<marc:record xmlns:marc="http://www.loc.gov/MARC21/slim">
   <marc:leader>00000nam a2200000 a 4500</marc:leader>
   <marc:datafield ind1="1" ind2=" " tag="100">
      <marc:subfield code="a">Hansen, Erik Fosnes</marc:subfield>
      <marc:subfield code="4">ctb</marc:subfield>
      <marc:subfield code="e">Mitwirkende/-r</marc:subfield>
   </marc:datafield>
   <marc:datafield ind1="1" ind2=" " tag="100">
      <marc:subfield code="a">Thalbach, Anna</marc:subfield>
      <marc:subfield code="4">ctb</marc:subfield>
      <marc:subfield code="e">Mitwirkende/-r</marc:subfield>
   </marc:datafield>
   <marc:datafield ind1="1" ind2=" " tag="100">
      <marc:subfield code="a">Würth, Rudolf</marc:subfield>
      <marc:subfield code="4">ctb</marc:subfield>
      <marc:subfield code="e">Mitwirkende/-r</marc:subfield>
   </marc:datafield>
   <marc:datafield ind1=" " ind2=" " tag="653">
      <marc:subfield code="a">CD</marc:subfield>
   </marc:datafield>
   <marc:datafield ind1="0" ind2="0" tag="245">
      <marc:subfield code="a">Das Löwenmädchen</marc:subfield>
   </marc:datafield>
   <marc:datafield ind1="0" ind2="0" tag="245">
      <marc:subfield code="c">Regie: Rudolf Würth. Aus dem Norw. von Hinrich Schmidt-Henkel</marc:subfield>
   </marc:datafield>
   <marc:datafield ind1=" " ind2="1" tag="264">
      <marc:subfield code="a">Freiburg, Br.</marc:subfield>
      <marc:subfield code="b">Audiobuch</marc:subfield>
      <marc:subfield code="c">2008</marc:subfield>
   </marc:datafield>
   <marc:datafield ind1="1" ind2=" " tag="520">
      <marc:subfield code="a">Angaben aus der Verlagsmeldung

Das Löwenmädchen / von Erik Fosnes Hansen

Im Dezember des Jahres 1912 kommt in einem kleinen Ort in Norwegen ein Mädchen namens Eva zur Welt. Ihre Mutter stirbt bei der Geburt. Ihr Vater, der Stationsmeister Gustav Arctanders, ist verzweifelt angesichts des Todes seiner Frau – und des Aussehens seiner Tochter. Das Kind trägt am ganzen Körper ein dichtes Haarkleid, auch im Gesicht.
Während ihrer Kindheit muß Eva lernen mit dem Gefühl des Andersseins zurecht zu kommen. So z. B. als ihr Vater sie zu einem Dermatologenkongreß nach Kopenhagen mitnimmt, und die 13-jährige den versammelten Professoren völlig entblößt vorgeführt wird.

Von Evas Schwierigkeiten in der Gesellschaft Fuß zu fassen, ihrer Einsamkeit und dem Weg, den sie letztendlich findet, erzählt Eric Fosnes Hansen auf eine wundervoll unsentimentale und doch einfühlsame Art.
</marc:subfield>
   </marc:datafield>
   <marc:datafield ind1=" " ind2=" " tag="020">
      <marc:subfield code="a">9783899642780</marc:subfield>
      <marc:subfield code="9">9783899642780</marc:subfield>
   </marc:datafield>
   <marc:datafield ind1=" " ind2=" " tag="041">
      <marc:subfield code="a">ger</marc:subfield>
   </marc:datafield>
   <marc:datafield ind1=" " ind2=" " tag="300">
      <marc:subfield code="a">8 CDs</marc:subfield>
   </marc:datafield>
</marc:record>
